| Tag |
First Indicator |
Second Indicator |
Subfields |
| LEADER |
00000cam a2200000 a 4500 |
| 001 |
in00000025825 |
| 005 |
20151007054504.0 |
| 008 |
870519s1987 dcua b i00010 eng |
| 010 |
|
|
|a 87014082
|
| 020 |
|
|
|a 082130903X (pbk.)
|
| 035 |
|
|
|a (OCoLC)16083567
|
| 035 |
|
|
|9 AAB5209AM
|
| 040 |
|
|
|a DLC
|c DLC
|d TXA
|d UtOrBLW
|
| 043 |
|
|
|a d------
|
| 049 |
|
|
|a TXAM
|c [A10909839]
|
| 050 |
0 |
0 |
|a HD1459
|b .B57 1987
|
| 082 |
0 |
|
|a 338.1/61/091724
|2 19
|
| 100 |
1 |
|
|a Binswanger-Mkhize, Hans P.,
|d 1943-
|
| 245 |
1 |
0 |
|a Agricultural mechanization :
|b issues and options.
|
| 264 |
|
1 |
|a Washington, D.C., U.S.A. :
|b World Bank,
|c [1987]
|
| 264 |
|
4 |
|c ©1987
|
| 300 |
|
|
|a vi, 85 pages :
|b illustrations ;
|c 28 cm.
|
| 336 |
|
|
|a text
|b txt
|2 rdacontent
|
| 337 |
|
|
|a unmediated
|b n
|2 rdamedia
|
| 338 |
|
|
|a volume
|b nc
|2 rdacarrier
|
| 490 |
1 |
|
|a A World Bank policy study,
|x 0258-2120
|
| 500 |
|
|
|a Prepared by Hans P. Binswanger and Graeme Donovan with the assistance of Raymund Fabre and Prabhu Pingali.
|
| 504 |
|
|
|a Bibliography: pages 81-85.
|
| 650 |
|
0 |
|a Farm mechanization
|x Economic aspects
|z Developing countries.
|
| 700 |
1 |
|
|a Donovan, W. Graeme.
|
| 710 |
2 |
|
|a World Bank.
|
| 830 |
|
0 |
|a World Bank policy study.
|
| 999 |
|
|
|a MARS
|
| 999 |
f |
f |
|s 20a7ae79-557f-3f3d-9c0d-bcf0ae816080
|i 737525da-44a0-3d3e-9c3a-1da5fc2ada35
|t 0
|
| 952 |
f |
f |
|p ric
|a Texas A&M University
|b Rellis Campus
|c Joint Library Facility
|d Remote Storage
|t 0
|e HD1459 .B57 1987
|h Library of Congress classification
|i unmediated -- volume
|m A14810909839
|
| 998 |
f |
f |
|a HD1459 .B57 1987
|t 0
|l Remote Storage
|